| 000 | 01043nam2a22002411 4500 | ||
|---|---|---|---|
| 001 | rc\156755 | ||
| 005 | 20250621061334.0 | ||
| 010 | _a5-300-00389-1 | ||
| 035 | _a(NLR Aleph) 005615112 | ||
| 090 |
_a6448289 _c6448289 |
||
| 100 | _a20030307d1996 |||y0rusy50 ca | ||
| 101 | 0 | _arus | |
| 102 | _aRU | ||
| 105 | _aa ||||||||| | ||
| 200 | 1 |
_aМолот Марса _eКн. 2, гл. 10-24 _aАрмагеддон у Весты _eКн. 3 |
|
| 210 |
_d1996 _aБ. м. |
||
| 215 |
_a302, [1] с. _cил. |
||
| 461 | 0 |
_1001rc\156753 _12001#$aМарсианские войны$eТрилогия$e[В 2 т.$eПеревод]$fМ.С. Мердок$g[Оформ. худож. В. Чемякиной]$v[Т. 2] _1700#1$aМердок$bМ.С.$gМелинда С. _96448269 _aМердок, М.С. _cМ. _d1996 _fМ.С. Мердок _nИзд. центр "Терра" _oТрилогия : [В 2 т. : Перевод] _tМарсианские войны _v[Т. 2] |
|
| 801 | 0 |
_aRU _bNLR _gpsbo |
|
| 801 | 1 |
_aRU _bELAR _2rusmarc |
|
| 852 |
_aNLR _j96-5/2131 |
||
| 942 | _cBOOK | ||
| 980 | _aNB | ||